Locational analysis of agricultural land use in the Jammu district : Jammu and Kashmir (Record no. 16572)

MARC details
000 -LEADER
fixed length control field 00484nam a2200145Ia 4500
082 ## - DEWEY DECIMAL CLASSIFICATION NUMBER
Classification number TR.0112
100 ## - MAIN ENTRY--AUTHOR NAME
Personal name Raina, Jawaharlal
245 #0 - TITLE STATEMENT
Title Locational analysis of agricultural land use in the Jammu district : Jammu and Kashmir
260 ## - PUBLICATION, DISTRIBUTION, ETC. (IMPRINT)
Year of publication 1985
Name of publisher Aligarh Muslim University
300 ## - PHYSICAL DESCRIPTION
Number of Pages 219p. + C D-3
650 ## - SUBJECT ADDED ENTRY--TOPICAL TERM
Topical Term LAND - JAMMU AND KASHMIR - JAMMU DISTRICT
650 ## - SUBJECT ADDED ENTRY--TOPICAL TERM
Topical Term AGRICULTURAL GEOGRAPHY - JAMMU AND KASHMIR - JAMMU DISTRICT
710 ## - ADDED ENTRY--CORPORATE NAME
Corporate name or jurisdiction name as entry element Shafi, Mohammad
942 ## - ADDED ENTRY ELEMENTS (KOHA)
Koha item type Thesis
Source of classification or shelving scheme Dewey Decimal Classification
Holdings
Withdrawn status Lost status Damaged status Not for loan Home library Current library Date acquired Bill Date Full call number Accession Number Price effective from Koha item type
        NASSDOC Library NASSDOC Library 08/10/2004 2004-10-22 TR.0112 26316 18/04/2019 Thesis